The English teacher an international journal

Uloženo v:
Podrobná bibliografie
Hlavní autor: The English teacher
Médium: Kniha
Jazyk:Undetermined
Vydáno: Bangkpk, Thailand Institute for English Language Education, Assumption Univ. 2001
Témata:
Tagy: Přidat tag
Žádné tagy, Buďte první, kdo otaguje tento záznam!
Thư viện lưu trữ: Trung tâm Học liệu Trường Đại học Cần Thơ
LEADER 00576nam a2200193Ia 4500
001 CTU_47856
008 210402s9999 xx 000 0 und d
082 |a 428.07 
082 |b E58 
100 |a The English teacher 
245 4 |a The English teacher 
245 3 |b an international journal 
245 0 |c Edited by Tan Bee Tin 
260 |a Bangkpk, Thailand 
260 |b Institute for English Language Education, Assumption Univ. 
260 |c 2001 
650 |a english language 
650 |x study and teaching 
980 |a Trung tâm Học liệu Trường Đại học Cần Thơ